00401 a2200109 4500001001000000005001700010008004100027245004800068100002200116773013600138999001700274ART_4272520260410161737.0260409a 10aCrisis bancaria y nivel de capitalización1 aRibas, Armando P.0 tEjecutivos de finanzasgPymes: la obtención de financiamiento en el mercado de capitales - Año 12, Nº 127 (jul. 1996)wREV2863 c18375d18375